000 00313nam a22001457a 4500
020 _a81-274-0165-X
082 _a823
_bSAI/P
100 _aSAIN, R. S.
245 _aPANCHATHANTHRA
250 _a1
260 _aKOTTAYAM
_bAVANTY PUBLICATIONS
_c2010
300 _a96
650 _aENGLISH SHORT STORY
942 _cBK
999 _c3491
_d3491